000 00493nam a22001937a 4500
999 _c442948
_d442948
003 UA-OsUOA
005 20191125151010.0
008 191125b un ||||| |||| 00| 0 ukr d
040 _aUA-OsUOA
_bukr
_cUA-OsUOA
_dUA-OsUOA
041 _aukr
080 _a821.161.1
090 _a821.161.1
_bБ83
245 _aБорцы за счастье народное
_nКнига 3
260 _aКазань
_c1988
300 _a367 с.
650 _a821.161.1
942 _2udc
_cBK
955 _a3